Cestou necestou : výbor fejetonů, obrázků a črt /
Uložené v:
| Hlavný autor: | |
|---|---|
| Médium: | Kniha |
| Jazyk: | Czech |
| Vydané: |
Praha :
Československý spisovatel,
1954.
|
| Vydanie: | 1. vyd. |
| ISBN: |
(brož.) |
| Fyzický popis: |
383 s. + : il. ; 21 cm. |
| Tagy: |
Pridať tag
Žiadne tagy, Buďte prvý kto otaguje tento záznam!
|
Titul je dostupný aj v ... 

MARC
| LEADER | 00000nam a2200000 a 4500 | ||
|---|---|---|---|
| 001 | 000517841 | ||
| 005 | 20160810185333.0 | ||
| 008 | 020710 1954 xr e cze d | ||
| 020 | |a (brož.) |c Kčs 17,40 | ||
| 040 | |a SVKKK |b slo |c SVKKK |e AACR2 | ||
| 041 | 0 | |a cze | |
| 044 | |a xr |c CZ | ||
| 100 | 1 | |a Horký, Karel |d 1879-1965 |4 aut | |
| 245 | 1 | 0 | |a Cestou necestou : |b výbor fejetonů, obrázků a črt / |c Karel Horký. |
| 250 | |a 1. vyd. | ||
| 260 | |a Praha : |b Československý spisovatel, |c 1954. | ||
| 300 | |a 383 s. + : |b il. ; |c 21 cm. | ||
| 366 | |e 7000 výt. | ||
| 910 | |a svkkk | ||
| 998 | |a BK | ||
| 090 | |g SCKHL |k Sklad Pribinova 2. posch. |a III.15540 |j 76873 |i 2720359849 |s Prezenčne | ||
| 090 | |g SCKHL |k Sklad Pribinova 2. posch. |a III.31872 |j 72559 |i 2720320305 |s Prezenčne | ||